| 000 | 00000nam##2200000za#4500 |
| 001 | 9.572456 |
| 003 | CaOODSP |
| 005 | 20220111083100 |
| 007 | cr ||||||||||| |
| 008 | 150406|1994||||xxc|||||o f|0| 0 eng|d |
| 022 | |a1928-6414 |
| 040 | |aCaOODSP|beng |
| 043 | |an-cn--- |
| 086 | 1 |aNE22-1/1994-4E-PDF |
| 110 | 1 |aCanada. |bNational Energy Board. |
| 245 | 10|aReasons for decision in the matter of Intercoastal Pipe Line Inc. and Interprovincial Pipe Line Inc. : |h[electronic resource]|bapplication dated 29 June 1993, as amended 29 October 1993, for new and converted facilities in southwestern Ontario |
| 246 | 1 |iVariant title : |aIntercoastal Pipe Line Inc. and Interprovincial Pipe Line Inc. |
| 260 | |aCalgary - Alberta : |bNational Energy Board |cApril 1994. |
| 300 | |a128p.|bfigs., maps, tables |
| 490 | 1 |aReasons for decision|x1928-6414|vGH-4-93 |
| 500 | |aThe catalogue number (NE22-1/1994-4E) and ISBN (0-662-22208-3) for the print edition have been incorrectly copied in this electronic publication. |
| 590 | |a12-07-Supp|b2012-03-09 |
| 775 | 08|tMotifs de décision relativement à InterCoastal Pipe Line Inc. et Interprovincial Pipe Line Inc. : |w(CaOODSP)9.602807 |
| 776 | 0#|tIn the matter of InterCoastal Pipe Line Inc. and Interprovincial Pipe Line Inc. : |w(CaOODSP)9.611196 |
| 830 | #0|aReasons for decision (Canada. National Energy Board)|x1928-6414|vGH-4-93|w(CaOODSP)9.504480 |
| 856 | 40|ahttp://publications.gc.ca|qPDF|s791 KB|uhttps://publications.gc.ca/collections/Collection/NE22-1-1994-4E.pdf|yGH-4-93 |